000 00517pab a2200169 454500
008 180718b2001 xxu||||| |||| 00| 0 eng d
100 _aMontanari, Ingalill
245 _aModernization, globalization and the welfare state: a comparative analysis of old and new convergence of social insurance since 1930
260 _c2001
300 _ap.469-94
362 _aSep
650 _aGlobalization
650 _aSocial policy
650 _aSocial security
773 _aBritish Journal of Sociology
909 _a50129
999 _c50129
_d50129